000 00605 a2200241 4500
005 20260417114220.0
008 260416b |||||||| |||| 00| 0 eng d
020 _a9780323758017
_c$ 62.99
040 _aMAIN
082 _a571.6
_bP761C(4)
100 _aPollard, Thomas D
245 _aCell Biology
250 _a4th
260 _bElsevier
_c2024
_aPhiladelphia
300 _axi, 932
650 _aBiology
650 _aCell Biology
650 _aMolecular Biology
700 _aEarnshaw, William D
700 _aSchwartz, Jennifer Lippincott
700 _aJohnson, Graham T
942 _cBK
999 _c395106
_d395106